Pachacamac y el Señor de los Milagros : (Record no. 8830)

000 -CABECERA
fixed length control field 01011nam a22002417a 4500
003 - IDENTIFICADOR DEL NÚMERO DE CONTROL
control field AR-CdUCM
008 - DATOS DE LONGITUD FIJA--INFORMACIÓN GENERAL
fixed length control field 190326b ||||| |||| 00| 0 spa d
020 ## - NÚMERO INTERNACIONAL ESTÁNDAR DEL LIBRO
ISBN 84-89303-20-7
040 ## - FUENTE DE LA CATALOGACIÓN
Agencia/entidad que catalogó originalmente la obra MUNICIPALIDAD PROVINCIAL DEL CUSCO
Entidad que transcribió la catalogación BIBLIOTECA MUNICIPAL DEL CUSCO
082 ## - NÚMERO DE LA CLASIFICACIÓN DECIMAL DEWEY
No. de Clasificación 985.008 /
Notacion interna W86
100 ## - ENTRADA PRINCIPAL--NOMBRE DE PERSONA
Nombre Personal Rostworowski de Diez Canseco, María
245 ## - MENCIÓN DE TÍTULO
Título Pachacamac y el Señor de los Milagros :
Resto del título Una trayectoria Milenaria /
260 ## - PUBLICACIÓN, DISTRIBUCIÓN, ETC.
Lugar de publicación, distribución, etc. Lima :
Nombre de la editorial, distribuidor, etc. IEP Ediciones ;
Fecha de publicación, distribución, etc. 1992.
300 ## - DESCRIPCIÓN FÍSICA
Nº de Páginas Extensión 214 páginas ;
Otros detalles físicos Ilustraciones, fotografías, mapas
Dimensiones 24cm
440 ## - MENCIÓN DE SERIE/PUNTO DE ACCESO ADICIONAL--TÍTULO
Título Serie Andina
Número de la parte/sección de una obra 19
9 (RLIN) 24589
505 ## - NOTA DE CONTENIDO CON FORMATO
Nota de contenido formateada Contenido: El dios Pachacamac -- Atributos de Pachacamac y animales relacionados con su culto -- Mujeres, hijos y hermanos de Pachacamac -- Ramificaciones del culto a Pachacamac -- El señorío de Ychsma - Pachacamac...
650 ## - PUNTO DE ACCESO ADICIONAL DE MATERIA--TÉRMINO DE MATERIA
Descriptor Historia
9 (RLIN) 136
650 ## - PUNTO DE ACCESO ADICIONAL DE MATERIA--TÉRMINO DE MATERIA
Descriptor Pachacamac
9 (RLIN) 24590
650 ## - PUNTO DE ACCESO ADICIONAL DE MATERIA--TÉRMINO DE MATERIA
Descriptor Religión
9 (RLIN) 1195
710 ## - PUNTO DE ACCESO ADICIONAL--NOMBRE DE ENTIDAD CORPORATIVA
Nombre corporativo (En letras Mayúsculas) Instituto de Estudios Peruanos
9 (RLIN) 36
942 ## - ELEMENTOS DE PUNTO DE ACCESO ADICIONAL (KOHA)
Fuente de clasificación
Tipo de item Libros-BMC
945 ## - PROCESAMIENTO DE INFORMACIÓN LOCAL (OCLC)
Catalogador nom
Holdings
Estado de retiro (separado) Fuente de clasificación o esquema de estanterías Estado dañado Ubicación Sala donde se ubica Nombre de la colección Fecha de adquisición o compra Costo, precio normal en soles Signatura topográfica Código de Barras Última vez visto (Koha) Tipo de ítem (Koha)
No     Sala Humanidades Sala Humanidades Book Cart 2019-03-26 45.00 985.008 / W86 SH0000009472 2019-03-26 Libros-BMC

Powered by Koha